22/11/63 (Registro nro. 3328)
[ vista simple ]
| 000 -Cabecera | |
|---|---|
| Campo de control de longitud fija | 00493aam a2200205 4500 |
| 005 - Fecha y hora de la última transacción | |
| Campo de control | 20240812143340.0 |
| 008 - Elementos de longitud fija--Información general | |
| Campo de control de longitud fija | 150326b xxu||||| |||| 00| 0 spa d |
| 020 ## - International Standard Book Number | |
| Número Internacional Estándar del Libro (ISBN) | 9786073110327 |
| 041 ## - Idioma | |
| Código de idioma | Español |
| 082 ## - Clasificación Decimal Dewey | |
| Número de clasificación | 813.54 K52v |
| 100 ## - Entrada principal--Autor personal | |
| Nombre personal | King, Stephen |
| 9 (RLIN) | 2342 |
| 245 ## - Título propiamente dicho | |
| Título | 22/11/63 |
| 260 ## - Pie de imprenta | |
| Lugar de publicación, distribución, etc. | México |
| 260 ## - Pie de imprenta | |
| Nombre del editor, distribuidor, etc. | Random House Mondadori |
| 260 ## - Pie de imprenta | |
| Fecha de publicación, distribución, etc. | 2012 |
| 300 ## - Descripción física | |
| Extensión | 859 páginas |
| 650 ## - Materia general | |
| Temática (materia general) | NOVELA ESTADOUNIDENSE |
| 650 ## - Materia general | |
| Temática (materia general) | LITERATURA ESTADOUNIDENSE |
| 942 ## - Punto de acceso adicional KOHA | |
| Tipo de ítem KOHA | Literatura |
| Fuente del sistema de clasificación o colocación | Dewey Decimal Classification |
| Signatura completa | Código de barras | En préstamo | Tipo de ítem |
|---|---|---|---|
| 813.54 K52v | 18179 | 20/05/2026 | Literatura |